Contratos del Estado : Ley de Bases y Texto Articulado Ley de Bases y Texto Articulado
Descripción Física:
171 p. ; 17 cm
Colección:
Colección textos legales ; 38
MARC
| LEADER | 00000nam a2200000Ia 4500 | ||
|---|---|---|---|
| 001 | 14348 | ||
| 008 | 160829s1965 xx 000 0 cat d | ||
| 080 | |a D-2-198 | ||
| 100 | |a Espanya. Lleis, etc. |9 23269 | ||
| 245 | |a Contratos del Estado : |b Ley de Bases y Texto Articulado | ||
| 260 | |a Madrid : |b Boletín Oficial del Estado, |c 1965 | ||
| 300 | |a 171 p. ; |c 17 cm | ||
| 490 | |a Colección textos legales ; 38 | ||
| 590 | |a Índexs. | ||
| 590 | |a Conté: Ley 198/1963, de 28 de diciembre, de Bases de Contratos del Estado i Text articulat | ||
| 650 | |a Espanya. Ley de Bases de Contratos del Estado (1963) |9 23270 | ||
| 650 | 0 | |a Contractes administratius |x Dret i legislació |x Espanya |9 45760 | |
| 901 | |a Arxiu | ||
| 942 | |n 1 | ||
| 952 | |0 1 |1 0 |2 udc |4 0 |5 2 |6 D2198 |7 1 |9 42641 |a Arxiu |b Arxiu |d 2016-12-01 |l 0 |o D-2-198 |p 14348 |r 2016-12-01 00:00:00 |w 2016-12-01 |y ARXIU | ||
| 999 | |c 45147 |d 45147 | ||